[Event "Ouest Toulousain op-A 3rd"]
[Site "Tournefeuille"]
[Date "2008.02.26"]
[Round "2"]
[White "Miladinovic, Igor"]
[Black "Genestous, Patrick"]
[Result "1-0"]
[WhiteElo "2604"]
[BlackElo "2175"]
[PlyCount "93"]
[EventDate "2008.02.25"]
[EventType "swiss"]
[EventRounds "9"]
[EventCountry "FRA"]
[SourceTitle "CBM 123 Extra"]
[Source "ChessBase"]
[SourceDate "2008.05.06"]
[SourceVersion "1"]
[SourceVersionDate "2008.05.06"]
[SourceQuality "1"]

1. d4 d5 2. c4 e6 3. Nc3 c6 4. cxd5 exd5 5. Nf3 Bd6 6. g3 Ne7 7. Bg2 Ng6 8. Qc2 Na6 9. a3 Be6 10. Ng5 Nc7 11. f4 f5 12. Qb3 Qc8 13. Bd2 0-0 14. Rc1 Rb8 15. 0-0 h6 16. Nf3 c5 17. Ne5 c4 18. Qc2 Ne7 19. e3 b5 20. Na2 Qa6 21. Bf3 Qb6 22. Kh1 a5 23. b4 axb4 24. Bxb4 Ra8 25. Qb2 Ra7 26. Rg1 Rfa8 27. Rc3 Ra4 28. Bd1 R4a6 29. g4 Ne8 30. g5 hxg5 31. Rxg5 Nc6 32. Rg6 Nxe5 33. Rxe6 Nf7 34. Qg2 Qb7 35. Bf3 Nc7 36. Rg6 Bf8 37. Rg3 g5 38. Rc1 Rxa3 39. Bxa3 Rxa3 40. Nc3 Rxc3 41. Rxc3 Qa8 42. Rc1 c3 43. Qc2 b4 44. Qxf5 Be7 45. Bh5 Nh8 46. Rcg1 Ne8 47. Bxe8 1-0

[Event "FRA-chT2 0405"]
[Site "France"]
[Date "2005.01.09"]
[Round "6.6"]
[White "Genestous, Patrick"]
[Black "Bourges, Jerome"]
[Result "1-0"]
[WhiteElo "2119"]
[BlackElo "2100"]
[PlyCount "111"]
[EventDate "2004.10.10"]
[EventType "team"]
[EventRounds "11"]
[EventCountry "FRA"]
[SourceTitle "EXT 2006"]
[Source "ChessBase"]
[SourceDate "2005.11.24"]
[SourceVersion "1"]
[SourceVersionDate "2005.11.24"]
[SourceQuality "1"]

1. d4 d5 2. c3 Nf6 3. Bg5 e6 4. Nd2 Be7 5. Ngf3 c5 6. Bxf6 gxf6 7. dxc5 Bxc5 8. e3 Nc6 9. Nb3 Bd6 10. Bd3 Bd7 11. Qe2 f5 12. g3 Qf6 13. Nbd4 e5 14. Nxc6 bxc6 15. Bc2 0-0 16. Ba4 d4 17. 0-0 d3 18. Qxd3 e4 19. Qd4 Qh6 20. Nh4 c5 21. Qd1 Bc8 22. Qd5 Rb8 23. Nxf5 Bxf5 24. Qxf5 Rxb2 25. Rfb1 Rd2 26. Rd1 Rb2 27. Qxe4 Qf6 28. Bc2 Rfb8 29. Qxh7+ Kf8 30. Qd3 Be5 31. Qf5 Bxc3 32. Qxf6 Bxf6 33. Bd3 R2b4 34. Rac1 Be7 35. Bc4 a5 36. h4 R8b6 37. Rd7 a4 38. Rc3 Rf6 39. Rc2 Rb1+ 40. Kg2 a3 41. Rdd2 Rfb6 42. Rc3 R6b4 43. Rd7 R1b2 44. h5 Ke8 45. Ra7 Rd2 46. Ra8+ Kd7 47. Raxa3 Bf6 48. Ra7+ Kc8 49. Rd3 Rxd3 50. Bxd3 c4 51. Bf5+ Kb8 52. Rxf7 Ba1 53. h6 Rb6 54. Rf8+ Ka7 55. h7 Rh6 56. Rc8 1-0

[Event "FRA-chT2 0405"]
[Site "France"]
[Date "2004.12.05"]
[Round "4.3"]
[White "Sanz Perez, Eduardo"]
[Black "Genestous, Patrick"]
[Result "1-0"]
[WhiteElo "2151"]
[BlackElo "2119"]
[PlyCount "21"]
[EventDate "2004.10.10"]
[EventType "team"]
[EventRounds "11"]
[EventCountry "FRA"]
[SourceTitle "EXT 2006"]
[Source "ChessBase"]
[SourceDate "2005.11.24"]
[SourceVersion "1"]
[SourceVersionDate "2005.11.24"]
[SourceQuality "1"]

1. e4 d5 2. exd5 Qxd5 3. Nc3 Qe5+ 4. Be2 c6 5. Nf3 Qc7 6. d4 e6 7. Bg5 Nf6 8. Bd3 Nbd7 9. Qe2 h6 10. Bh4 Nh5 11. Qxe6+ 1-0

[Event "FRA-chT2 0405"]
[Site "France"]
[Date "2004.11.07"]
[Round "3.2"]
[White "Dunis, Aurelien"]
[Black "Genestous, Patrick"]
[Result "1-0"]
[WhiteElo "2461"]
[BlackElo "2119"]
[PlyCount "118"]
[EventDate "2004.10.10"]
[EventType "team"]
[EventRounds "11"]
[EventCountry "FRA"]
[SourceTitle "EXT 2006"]
[Source "ChessBase"]
[SourceDate "2005.11.24"]
[SourceVersion "1"]
[SourceVersionDate "2005.11.24"]
[SourceQuality "1"]

1. e4 e5 2. Nf3 Nf6 3. Nxe5 Qe7 4. d4 d6 5. Nf3 Qxe4+ 6. Be2 Bf5 7. c4 Qc2 8. Qxc2 Bxc2 9. 0-0 Be7 10. Na3 Bf5 11. Re1 0-0 12. Nh4 Bc8 13. Bd3 Bd8 14. Bg5 a6 15. Nc2 h6 16. Bd2 Nc6 17. Re2 Nh7 18. Nf5 Bf6 19. Bc3 Bd7 20. f4 g6 21. Nfe3 Rae8 22. Rae1 Bd8 23. d5 Ne7 24. Nd4 h5 25. f5 g5 26. g4 h4 27. Nf3 f6 28. Nd4 c5 29. Ne6 Rf7 30. Nf1 Nc8 31. Nd2 b5 32. b3 Bb6 33. Ne4 a5 34. Kg2 b4 35. Bb2 a4 36. bxa4 Bxa4 37. a3 bxa3 38. Bc3 Bd8 39. Ra1 Be7 40. Rxa3 Bd1 41. Rb2 Bxg4 42. Rb8 Bxf5 43. N4xc5 Bxd3 44. Nxd3 Nf8 45. Nc7 Nd7 46. Rb7 Ndb6 47. Nxe8 Bd8 48. Rb8 Rf8 49. Nxf6+ Bxf6 50. Bxf6 Rxf6 51. Rb3 Kg7 52. R8xb6 Nxb6 53. Rxb6 g4 54. Rb7+ Kg6 55. Re7 Rf3 56. Nf2 h3+ 57. Kg1 g3 58. Nxh3 gxh2+ 59. Kxh2 Rc3 1-0